01097nam a22003137a 4500003000500000005001700005008004100022010001000063011001000073035001000083040000900093100004200102245009700144260004300241300001100284500009600295590002800391590002800419590002800447590002800475590002900503650002900532650003800561901000700599942001500606949004000621999001700661952010500678CHAP20220805151543.0971013s1987 r 00010 d a54420 a55392 a59544 cCHAP00aAceves Navarro, Lorenzo Armando.9531 aAgroclimates procedures related to crop production in the north central region of the U.S.A. aLincoln, Nebraska :bThe author,c1987 a111 h. aThesis (Doctor in Phylosophy Major Horticulture) -- University of Nebraska Graduate College aBATCH-UPDb10c20130109 aBATCH-UPDb10c20130110 aBATCH-UPDb10c20130410 aBATCH-UPDb10c20130913 aCONVERSIONb10c2013010914aCultivos y clima.93039214aMeteorología agrícola.975217 aBK cLIBRO2ddc bBCd-128761eLIBROh20904i59544si c54420d54420 00102ddc41718MUTaBCbBCcPA_MUTd2019-12-31l0p-128761r2019-12-31 00:00:00w2019-12-31yLIBRO